Central Library OPAC University of Rajshahi

The handmaid's tale / (Record no. 62716)

MARC details
000 -LEADER
fixed length control field 00832nam a2200277 a 4500
001 - CONTROL NUMBER
control field 62716
003 - CONTROL NUMBER IDENTIFIER
rucl marc code BD-RjUL
005 - DATE AND TIME OF LATEST TRANSACTION
control field 20211209081121.0
008 - FIXED-LENGTH DATA ELEMENTS--GENERAL INFORMATION
fixed length control field 170125r19961986enk 000 1 eng d
020 ## - INTERNATIONAL STANDARD BOOK NUMBER
International Standard Book Number 9780099740915
035 ## - SYSTEM CONTROL NUMBER
System control number BD-RjUL62843
040 ## - CATALOGING SOURCE
Original cataloging agency BDS
Language of cataloging eng
Transcribing agency BD-RjUL
041 ## - LANGUAGE CODE
Language code of text/sound track or separate title eng
082 0# - DEWEY DECIMAL CLASSIFICATION NUMBER
Classification number 813
Edition number 23
Author mark and year ATH 1996
100 1# - MAIN ENTRY--PERSONAL NAME
Personal name Atwood, Margaret,
Dates associated with a name 1939-
9 (RLIN) 186415
245 14 - TITLE STATEMENT
Title The handmaid's tale /
Statement of responsibility, etc. Margaret Atwood.
260 ## - PUBLICATION, DISTRIBUTION, ETC. (IMPRINT)
Place of publication, distribution, etc. London :
Name of publisher, distributor, etc. Vintage,
Date of publication, distribution, etc. 1996.
300 ## - PHYSICAL DESCRIPTION
Pagination 324 p. ;
Size 20 cm.
490 1# - SERIES STATEMENT
Series statement Contemporary classics
500 ## - GENERAL NOTE
General note Originally published: London : Jonathan Cape, 1986.
650 #0 - SUBJECT ADDED ENTRY--TOPICAL TERM
Topical term or geographic name as entry element Man-woman relationships
Form subdivision Fiction.
9 (RLIN) 186416
Topical term or geographic name as entry element Misogyny
General subdivision Fiction.
9 (RLIN) 186417
Topical term or geographic name as entry element Women
Form subdivision Fiction.
9 (RLIN) 186418
830 #0 - SERIES ADDED ENTRY--UNIFORM TITLE
Uniform title Contemporary classics (Vintage).
942 ## - ADDED ENTRY ELEMENTS (KOHA)
Source of classification or shelving scheme Dewey Decimal Classification
Koha item type Books
Holdings
Lost status Source of classification or shelving scheme Damaged status Not for loan Collection code Permanent Location Current Location Shelving location Date acquired Source of acquisition Cost, normal purchase price Total Checkouts Full call number Date last seen Copy number Koha item type
  Dewey Decimal Classification   Not For Loan Fiction Central Library, University of Rajshahi Central Library, University of Rajshahi Reading Room 04/07/2013 Space Marketing Com.,Dhaka 2125.00   813 ATH 1996 25/01/2017 C-1 Books